Doctor Who- All Regenerations - Statistics

General Stats
  • This quiz has been taken 302 times
  • The average score is 8 of 14
Answer Stats
Cause of Death Doctor % Correct
Absorbed the Heart of the TARDIS 9th Doctor/Christopher Eccleston
89%
Forced regenration by the Time Lords 2nd Doctor/Patrick Troughton
73%
Fell off a satellite dish 4th Doctor/Tom Baker
70%
Radiation 10th Doctor/David Tennant (2)
68%
Potion of the Sisterhood of Karn 8th Doctor/Paul McGann
67%
The Rani 6th Doctor/Colin Baker
61%
Medics response to misdiagnosed fibrillation 7th Doctor/Sylvester McCoy
59%
Age 11th Doctor/Matt Smith
56%
Age 1st Doctor/William Hartnell
52%
Shot by a Dalek 10th Doctor/David Tennant (1)
51%
Shot by Cybermen 12th Doctor/Peter Capaldi
48%
Age War Doctor/John Hurt
47%
Radiation 3rd Doctor/Jon Pertwee
45%
Spectrox exposure 5th Doctor/Peter Davison
42%
No matching quizzes found
Score Distribution
Percent of People with Each Score
Percentile by Number Answered
Your Score History
You have not taken this quiz